LEADER 01224nam0 2200301 i 450 001 VAN0004011 005 20120220113017.64 010 $a88-453-0616-X 100 $a20020717d1993 |0itac50 ba 101 $aita 102 $aIT 105 $a|||| ||||| 200 1 $aEconomia monetaria$eteoria e pratica della domanda e dell'offerta di moneta$fKeith Cuthbertson$gedizione italiana a cura di Vito Antonio Muscatelli 210 $aMilano$cETAS$d1993 215 $aXII, 458 p.$d24 cm. 410 1$1001VAN0008759$12001 $aEconomia. Analisi e teoria economica$1210 $aMilano$cEtas. 606 $aMoneta$xMercato$xModelli matematici$3VANC002629$2FI 620 $dMilano$3VANL000284 676 $a332.40724$v21 700 1$aCuthbertson$bKeith$3VANV003683$088752 702 1$aMuscatelli$bVitantonio$3VANV003756 712 $aEtas $3VANV108308$4650 801 $aIT$bSOL$c20230616$gRICA 899 $aBIBLIOTECA DEL DIPARTIMENTO DI GIURISPRUDENZA$1IT-CE0105$2VAN00 912 $aVAN0004011 950 $aBIBLIOTECA DEL DIPARTIMENTO DI GIURISPRUDENZA$d00CONS XX.Cl.16 $e00 11831 20020718 996 $aEconomia monetaria$9196019 997 $aUNICAMPANIA LEADER 01668nam0 22004093i 450 001 VAN0279387 005 20240708030820.180 017 70$2N$a9783031375576 100 $a20240708d2023 |0itac50 ba 101 $aeng 102 $aCH 105 $a|||| ||||| 200 1 $aˆA ‰Short Book on Long Sums$eInfinite Series for Calculus Students$fFernando Q. Gouvêa 210 $aCham$cSpringer$d2023 215 $axi, 145 p.$cill.$d24 cm 410 1$1001VAN0024019$12001 $aUndergraduate texts in mathematics$1210 $aBerlin [etc.]$cSpringer$d1958- 410 1$1001VAN0274716$12001 $aReadings in Mathematics$1210 $aBerlin [etc.]$cSpringer$d1988- 610 $aAnalysis$9KW:K 610 $aCalculus$9KW:K 610 $aDerivatives$9KW:K 610 $aFirst-order approximation$9KW:K 610 $aFunctions of one variable$9KW:K 610 $aInfinite series$9KW:K 610 $aPolynomials$9KW:K 610 $aPower series$9KW:K 610 $aSageMath$9KW:K 620 $aCH$dCham$3VANL001889 700 1$aGouvêa$bFernando Q.$3VANV021756$0382239 712 $aSpringer $3VANV108073$4650 801 $aIT$bSOL$c20240719$gRICA 856 4 $uhttps://doi.org/10.1007/978-3-031-37557-6$zE-book ? Accesso al full-text attraverso riconoscimento IP di Ateneo, proxy e/o Shibboleth 899 $aBIBLIOTECA DEL DIPARTIMENTO DI MATEMATICA E FISICA$1IT-CE0120$2VAN08 912 $fN 912 $aVAN0279387 950 $aBIBLIOTECA DEL DIPARTIMENTO DI MATEMATICA E FISICA$d08CONS e-Book 9396 $e08eMF9396 20240715 996 $aShort Book on Long Sums$94176172 997 $aUNICAMPANIA